000 00498nam a2200193Ia 4500
005 20250326141234.0
008 250326s9999 xx 000 0 und d
037 _aTextbook
040 _aFMSL
_beng
_cFMSL
041 _aeng
_2eng
084 _qFMSL
100 _aR.B.I.
245 0 _aReport on currency and fice 1992-93.
_cR.B.I.
260 _aIndia(Govt.
_bIndia(Govt., of) R.B.I.
_c1993
300 _a238p
490 _vvol.Ist, vol.IInd.
942 _cTB
999 _c1289378
_d1289378